Normal view
MARC view
Entry Topical Term
001 - CONTROL NUMBER
- control field: 12797
003 - CONTROL NUMBER IDENTIFIER
- control field: BD-RjUL
005 - DATE AND TIME OF LATEST TRANSACTION
- control field: 20240502095439.0
008 - FIXED-LENGTH DATA ELEMENTS
- fixed length control field: 240502|| aca||aabn | a|a d
040 ## - CATALOGING SOURCE
- Original cataloging agency: BD-RjUL
- Transcribing agency: BD-RjUL
150 ## - HEADING--TOPICAL TERM
- Topical term or geographic name entry element: Numerical Weather
- General subdivision: Bay of Bengal
670 ## - SOURCE DATA FOUND
- Source citation: Work cat.: (BD-RjUL)83627: Hossain, Mohammad Arif 12796, Prediction of Cyclonic Events over Bay of Bengal Using Numerical Weather Prediction Model With High Resolution /, 2003